000 00534cam a22002171 4500
001 sa 64000604
003 DLC
005 20260227111957.0
008 881102s1962 xx 000 0 hinr
010 _asa 64000604
035 _a(OCoLC)23548212
040 _aDLC
_cMiU
_dDLC
042 _apremarc
050 0 0 _aPK2077
_b.T4
100 1 _aTewari, Ram Chandra,
_d1910-
_eed.
245 1 0 _aBāraha kahāniyām̐.
260 _an. p.,
_c1962]
300 _a160 p.
_c18 cm.
500 _aRomanized.
650 0 _aShort stories, Hindi
999 _c56343
_d56343